=LDR 00000nam 2200000 4500 =001 000460 =005 20250710084859 =035 ##$$a 0010-0725000322 =007 ta =008 250710################a##########0#ind## =020 ##$$a 978-623-472-497-4 =082 ##$$a 398.209 598 =084 ##$$a 398.209 598 SMI m =100 #$$a Smith, Penelope =245 1#$$a Menghitung Kol /$c Penelope Smith =250 ##$$a Cetakan Pertama =260 ##$$a Jakarta :$b Badan Perkembangan dan Pembinaan Bahasa,$c 2022 =300 ##$$a 28 hlm. : $b Ilus. ; $c 22,9 cm =650 #4$$a CERITA ANAK INDONESIA-TERJEMAHAN =650 #4$$a LITERASI-BAHAN BACAAN =990 ##$$a TBM02100210